Dialectic of solidarity labor, antisemitism, and the Frankfurt School /

Bibliographic Details
Main Author: Worrell, Mark P.
Corporate Author: ProQuest (Firm)
Format: Electronic eBook
Language:English
Published: Leiden ; Boston : Brill, 2008.
Series:Studies in critical social sciences ; v. 11.
Subjects:
Online Access:Click to View
LEADER 01634nam a2200433 a 4500
001 EBC468518
003 MiAaPQ
005 20200520144314.0
006 m o d |
007 cr cn|||||||||
008 080314s2008 ne sb 001 0 eng
010 |z  2008011351 
015 |a GBA862340  |2 bnb 
016 7 |z 014602592  |2 Uk 
020 |z 9789004168862 (hbk. : alk. paper) 
020 |z 9004168869 (hbk. : alk. paper) 
035 |a (MiAaPQ)EBC468518 
035 |a (Au-PeEL)EBL468518 
035 |a (CaPaEBR)ebr10363768 
035 |a (CaONFJC)MIL239949 
035 |a (OCoLC)593231958 
040 |a MiAaPQ  |c MiAaPQ  |d MiAaPQ 
043 |a n-us--- 
050 4 |a HD8072  |b .W83 2008 
082 0 4 |a 301.01  |2 22 
100 1 |a Worrell, Mark P. 
245 1 0 |a Dialectic of solidarity  |h [electronic resource] :  |b labor, antisemitism, and the Frankfurt School /  |c by Mark P. Worrell. 
260 |a Leiden ;  |a Boston :  |b Brill,  |c 2008. 
300 |a xvii, 347 p. 
490 1 |a Studies in critical social sciences,  |x 1573-4234 ;  |v v. 11 
504 |a Includes bibliographical references (p. [331]-340) and indexes. 
533 |a Electronic reproduction. Ann Arbor, MI : ProQuest, 2015. Available via World Wide Web. Access may be limited to ProQuest affiliated libraries. 
650 0 |a Working class  |z United States  |x Attitudes. 
650 0 |a Antisemitism  |z United States. 
650 0 |a Frankfurt school of sociology. 
655 4 |a Electronic books. 
710 2 |a ProQuest (Firm) 
830 0 |a Studies in critical social sciences ;  |v v. 11. 
856 4 0 |u https://ebookcentral.proquest.com/lib/matrademy/detail.action?docID=468518  |z Click to View